000 00585cam a22002053a 4500
001 40561
003 PGUSA
005 20140828083915.0
008 120822s2012||||xxu|||||s|||||000 | eng d
040 _aPGUSA
_beng
042 _adc
100 1 _aMatull, Kurt
245 1 2 _aA przemysli repülő :
_bRegény a nagy háborúból
_h[electronic resource] /
_cKurt Matull
260 _bProject Gutenberg,
_c2012
506 _aPublic domain in the USA.
516 _aElectronic text
830 0 _aProject Gutenberg
_v40561
856 4 0 _uhttp://www.gutenberg.org/ebooks/40561
942 _cEB
999 _c269814
_d269814